| 000 | 01052nam a22002537a 4500 | ||
|---|---|---|---|
| 003 | BD-DhSAU | ||
| 005 | 20221103123420.0 | ||
| 008 | 150612b2021 bg ad||| m||| 00| 0 eng d | ||
| 040 | _aBD-DhSAU | ||
| 082 |
_222 _a581 _bOw1 |
||
| 100 |
_aMD.OWAHEDUNNABY _eRegistration no. # 19-10100 |
||
| 245 |
_aEffect of zinc and sulphur on growth and yield of brri hybrid dhan2 (oryza sativa l.) / _bMS thesis |
||
| 260 |
_aSher-e-Bangla Agricultural Uniersity : _bDepartment of Agricultural Botany, _c2021 |
||
| 300 |
_axii, 58p. : _bill. ; _c30 cm. |
||
| 500 | _aMS thesis of Department of Agricultural Botany , Sher-e-Bangla Agricultural University, Dhaka, Bangladesh | ||
| 504 | _aIncludes bibliographical reference. | ||
| 590 | _aNazmul | ||
| 650 | _azinc and sulphur | ||
| 650 | _abrri hybrid dhan2 (oryza sativa l.) | ||
| 700 |
_aProf. Dr. Md. Moinul Haque _eSuperviser |
||
| 700 |
_aProf. Asim Kumar Bhadra _eCo-superviser |
||
| 856 | _uhttp://archive.saulibrary.edu.bd:8080/xmlui/handle/123456789/4470 | ||
| 942 |
_2ddc _cTHESIS |
||
| 999 |
_c16172 _d16171 |
||